ARRUPE JESUIT UNIVERSITY

CORONAVIRUS -STOP THE SPREAD - CLEAN,DISINFECT,COVER

The meaning of Irish place names / (Record no. 118814)

MARC details
000 -LEADER
fixed length control field 00877cam a2200325 i 4500
001 - CONTROL NUMBER
control field 108191
003 - CONTROL NUMBER IDENTIFIER
control field ARRUPE
005 - DATE AND TIME OF LATEST TRANSACTION
control field 20131127164702.0
008 - FIXED-LENGTH DATA ELEMENTS--GENERAL INFORMATION
fixed length control field 821015s1979 nik 000 0 eng
010 ## - LIBRARY OF CONGRESS CONTROL NUMBER
LC control number 79323163
015 ## - NATIONAL BIBLIOGRAPHY NUMBER
National bibliography number GB***
020 ## - INTERNATIONAL STANDARD BOOK NUMBER
International Standard Book Number 0856401757 :
Terms of availability £1.25
035 ## - SYSTEM CONTROL NUMBER
System control number (OCoLC)6092488
035 ## - SYSTEM CONTROL NUMBER
System control number (OCoLC)ocm06092488
035 ## - SYSTEM CONTROL NUMBER
System control number (CStRLIN)NYCG82-B50885
035 ## - SYSTEM CONTROL NUMBER
System control number (NNC)108191
040 ## - CATALOGING SOURCE
Transcribing agency DLC
043 ## - GEOGRAPHIC AREA CODE
Geographic area code e-ie---
050 0# - LIBRARY OF CONGRESS CALL NUMBER
Classification number DA979
Item number .O27 1979
082 ## - DEWEY DECIMAL CLASSIFICATION NUMBER
Classification number 914.15/003
090 ## - LOCALLY ASSIGNED LC-TYPE CALL NUMBER (OCLC); LOCAL CALL NUMBER (OCLC)
Classification number (OCLC) (R) ; Classification number, CALL (RLIN) (NR) DA979
Local cutter number (OCLC) ; Book number/undivided call number, CALL (RLIN) .O27
300 ## - PHYSICAL DESCRIPTION
Dimensions 18 cm.
100 1# - MAIN ENTRY--PERSONAL NAME
Personal name O'Connell, James.
9 (RLIN) 4303
245 14 - TITLE STATEMENT
Title The meaning of Irish place names /
Statement of responsibility, etc James O'Connell
260 ## - PUBLICATION, DISTRIBUTION, ETC. (IMPRINT)
Place of publication, distribution, etc Belfast :
Name of publisher, distributor, etc Blackstaff Press,
Date of publication, distribution, etc c1979.
300 ## - PHYSICAL DESCRIPTION
Extent 90 p. ;
650 #0 - SUBJECT ADDED ENTRY--TOPICAL TERM
Topical term or geographic name as entry element Names, Geographical
Geographic subdivision Ireland.
9 (RLIN) 4304
650 #0 - SUBJECT ADDED ENTRY--TOPICAL TERM
Topical term or geographic name as entry element Names, Geographical
General subdivision Irish.
9 (RLIN) 4305
942 ## - ADDED ENTRY ELEMENTS (KOHA)
Source of classification or shelving scheme Library of Congress Classification
Koha item type Monograph ( Printed materials)
Holdings
Withdrawn status Lost status Source of classification or shelving scheme Damaged status Not for loan Home library Current library Shelving location Date acquired Total Checkouts Full call number Barcode Date last seen Price effective from Koha item type
    Library of Congress Classification     ARRUPE LIBRARY ARRUPE LIBRARY Main Collection 27/11/2013   DA979 .O27 1979 46410211 27/10/2017 27/11/2013 Monograph ( Printed materials)

 

Arrupe Library. PO Box MP320 Mt Pleasant, Harare, Zimbabwe
263 242 745411|librarian@aju.ac.zw